| LEADER 00000nam 2200000uu 4500 |
| 001 52096 |
| 003 ULIBM |
| 008 181116s||||||||th 000 0 tha d |
| 020 ^a0072909870
|
| 082 0 ^a500 ^T-S
|
| 100 0 ^a Thomas Stitzel
|
| 245 00 ^a Study Guide for use with Fundamentals of Corporate Finance second edition
|
| 245 ^c Thomas Stitzel
|
| 250 ^a ครั้งที่ 1
|
| 260 ^a USA. ^b McGraw-Hill School ^c 1999
|
| 300 ^a 335 หน้า
|
| 600 00 ^a Study Guide for use with Fundamentals of Corporate Finance second edition
|
| 650 0 ^a Study Guide for use with Fundamentals of Corporate Finance second edition
|
| 999 ^aMATINA MALAWONG
|